| 000 | 00487nam a2200145 a 4500 | ||
|---|---|---|---|
| 001 | 000039507 | ||
| 005 | 20201002031702.0 | ||
| 008 | 130704s2004 dr d 000 0 spa d | ||
| 040 |
_aDO-SdBNP _bspa _cBNPHU |
||
| 082 |
_axxx _bP964 |
||
| 245 | 0 | 0 |
_aPrograma de desarrollo profesional / _cdirector José Agustín de Miguel. |
| 260 |
_aSanto Domingo : _bInstituto Técnologico de Santo Domingo, _c[s. f.]. |
||
| 300 |
_a36 p. : _bdiagrs. ; _c22 cm. |
||
| 700 | 1 |
_aDe Miguel, José Agustín _965691 |
|
| 999 |
_c38997 _d38997 |
||